000 00660nam a22001457a 4500
082 _a823
_bKAW/B
100 _aKAWAGUCHI, TOSHIKAZU
245 _aBEFORE THE COFFEE GETS COLD
246 _aBEFORE THE COFFEE GETS COLD
_bBEFORE THE COFFEE GETS COLD
260 _aLONDON
_bPICADOR
_c2019
300 _a213
520 _aAs the characters embark on their journeys, the narrative explores themes such as love, regret, second chances, and the impact of choices on one's life. The time constraint until the coffee gets cold adds urgency to the characters' experiences, emphasizing the fleeting opportunity to change the past
650 _aENGLISH FICTION
942 _cBK
999 _c8810
_d8810